| 000 | 00507nam a2200205Ia 4500 | ||
|---|---|---|---|
| 003 | OSt | ||
| 005 | 20230608115533.0 | ||
| 008 | 210423s2004 xx 000 0 und d | ||
| 040 | _cAL | ||
| 041 | _aeng | ||
| 082 |
_a338.954 HINS _223 |
||
| 100 |
_aTHE HINDU _9122594 |
||
| 245 | _aSurvey of indian industry 2004 | ||
| 260 |
_bHindu _c2004 |
||
| 365 |
_b50 _cINR |
||
| 650 |
_aEconomics _9122595 |
||
| 650 |
_aIndian Economy _9122596 |
||
| 906 | _a2004 ; indian ; industry ; Survey | ||
| 942 |
_2ddc _cBK |
||
| 999 |
_c173985 _d173985 |
||